A new approach to modern linguistic theory / (Record no. 150860)
[ view plain ]
| 000 -LEADER | |
|---|---|
| fixed length control field | 00614nam a22001817a 4500 |
| 005 - DATE AND TIME OF LATEST TRANSACTION | |
| control field | 20180419100613.0 |
| 010 ## - LCCN (DPL NO) | |
| LC control number | ENG-122512 |
| 020 ## - INTERNATIONAL STANDARD BOOK NUMBER | |
| International Standard Book Number | 9788183764193 |
| Terms of availability | 925.00 |
| 035 ## - SYSTEM CONTROL NUMBER | |
| System control number | EN-106044 |
| 037 ## - SOURCE OF ACQUISITION | |
| Source of stock number/acquisition | DBAD/PUB |
| 082 ## - DEWEY DECIMAL CLASSIFICATION NUMBER | |
| Classification number | 401 |
| 100 ## - MAIN ENTRY--PERSONAL NAME | |
| Personal name | Gupta, J.P. |
| 245 ## - TITLE STATEMENT | |
| Title | A new approach to modern linguistic theory / |
| Statement of responsibility, etc | by J.P. Gupta |
| 260 ## - PUBLICATION, DISTRIBUTION, ETC. (IMPRINT) | |
| Place of publication, distribution, etc | New Delhi |
| Name of publisher, distributor, etc | ABD Publishers |
| Date of publication, distribution, etc | 2013 |
| 270 ## - ADDRESS | |
| Address | B.O. 102, Ist Floor, Satyam House, 4327/3, Ansari Road, Darya Ganj. |
| City | New Delhi |
| Postal code | 110002 |
| Telephone number | 011-45652440 |
| Electronic mail address | abdpublishersjpr@yahoo.in |
| 300 ## - PHYSICAL DESCRIPTION | |
| Extent | 264p. |
| Other physical details | ill. |
| Dimensions | 21cm.(Hb) |
| 942 ## - ADDED ENTRY ELEMENTS (KOHA) | |
| Source of classification or shelving scheme | Dewey Decimal Classification |
| Item type | English Books |
| Call number suffix | GUP |
| Classification part | 401 |
| Withdrawn status | Lost status | Not for loan | Collection code | Home library | Current library | Date acquired | Source of acquisition | Cost, normal purchase price | Full call number | Barcode | Copy number | Cost, replacement price | Koha item type |
|---|---|---|---|---|---|---|---|---|---|---|---|---|---|
| Not For Loan | Non-fiction | D.B.Act.Division | Bawana | 09/04/2018 | DBAD/PUB | 925.00 | 401 GUP | EN-106044 | 1 | 925.00 | English Books |
